Normal view
MARC view
- Electronic digital computers
Entry Topical Term
001 - CONTROL NUMBER
- control field: 36507
003 - CONTROL NUMBER IDENTIFIER
- control field: NUST
005 - DATE AND TIME OF LATEST TRANSACTION
- control field: 20210314130031.0
008 - FIXED-LENGTH DATA ELEMENTS
- fixed length control field: 210314|| aca||aabn | a|a d
040 ## - CATALOGING SOURCE
- Original cataloging agency: NUST
- Transcribing agency: NUST
150 ## - HEADING--TOPICAL TERM
- Topical term or geographic name entry element: Electronic digital computers
- General subdivision: Circuits
670 ## - SOURCE DATA FOUND
- Source citation: Work cat.: (NUST): Mano, M. Morris, 36506, Logic and computer design fundamentals /, c2000.
